[Event "South America-ch U18 Girls 17th"]
[Site "Guayaquil"]
[Date "2022.01.29"]
[Round "7"]
[White "Orbe Vivero, Veronica Priscila"]
[Black "Quezada Pauker, Kathleen Gabriela"]
[Result "1-0"]
[WhiteElo "1468"]
[BlackElo "1601"]
[PlyCount "91"]
[EventDate "2022.01.25"]
[EventType "swiss"]
[EventRounds "9"]
[EventCountry "ECU"]
[SourceTitle "CBM 206 Extra"]
[Source "ChessBase"]
[SourceDate "2022.03.31"]
[SourceVersion "1"]
[SourceVersionDate "2022.03.31"]
[SourceQuality "1"]

1. e4 c5 2. c3 b6 3. d4 Bb7 4. Bd3 Nf6 5. Nd2 e6 6. Qe2 Be7 7. Ngf3 d5 8. e5 Nfd7 9. Nf1 Nc6 10. a3 a5 11. Ng3 Qc8 12. 0-0 Ba6 13. Rd1 Bxd3 14. Rxd3 b5 15. Ng5 h6 16. Qh5 g6 17. Qh3 Nd8 18. f4 Bxg5 19. fxg5 h5 20. Be3 Nb6 21. Rf1 Nc4 22. Bc1 b4 23. Ne2 Ra7 24. Nf4 Qc7 25. Rdf3 Qb6 26. Ne2 cxd4 27. Nxd4 Nxe5 28. Rf6 Ng4 29. R6f4 Rf8 30. Re1 Re7 31. Be3 Nxe3 32. Qxe3 Nc6 33. Nxc6 Qxc6 34. axb4 axb4 35. Rxb4 Rb7 36. Rxb7 Qxb7 37. Ra1 Qc6 38. Ra7 f6 39. b4 fxg5 40. b5 Qc8 41. Rg7 g4 42. b6 d4 43. Qxd4 Rf1+ 44. Kxf1 Qa6+ 45. Kf2 Qa2+ 46. Kg3 1-0

[Event "South America-ch U18 Girls 17th"]
[Site "Guayaquil"]
[Date "2022.01.27"]
[Round "4"]
[White "Ayala Rosero, Ariana Marcela"]
[Black "Quezada Pauker, Kathleen Gabriela"]
[Result "1-0"]
[WhiteElo "1496"]
[BlackElo "1601"]
[PlyCount "97"]
[EventDate "2022.01.25"]
[EventType "swiss"]
[EventRounds "9"]
[EventCountry "ECU"]
[SourceTitle "CBM 206 Extra"]
[Source "ChessBase"]
[SourceDate "2022.03.31"]
[SourceVersion "1"]
[SourceVersionDate "2022.03.31"]
[SourceQuality "1"]

1. d4 c5 2. d5 e6 3. c4 exd5 4. cxd5 d6 5. Nc3 Nf6 6. e4 g6 7. f4 Bg7 8. Bb5+ Nfd7 9. a4 0-0 10. Nf3 a6 11. Bc4 Nb6 12. Bb3 Bg4 13. 0-0 N8d7 14. h3 Bxf3 15. Qxf3 Qc7 16. a5 Nc8 17. Qg3 b5 18. axb6 Ncxb6 19. f5 Nf6 20. Qh4 Qe7 21. g4 Nfxd5 22. Qxe7 Bd4+ 23. Kg2 Nxe7 24. Bh6 c4 25. Bxf8 Kxf8 26. Bc2 Nc6 27. fxg6 hxg6 28. h4 Kg7 29. h5 Nb4 30. Ba4 Nd3 31. Bc6 Rh8 32. Ne2 Bc5 33. Rxa6 Nb4 34. Ra7 Nxc6 35. Raxf7+ Kh6 36. hxg6 Kxg6 37. R1f6+ Kg5 38. Rf5+ Kh4 39. g5 Ne5 40. Rg7 Ng4 41. Rf4 Kh5 42. Ng3+ Kh4 43. Nf5+ Kh5 44. Kh3 Nf2+ 45. Kg3 Ng4 46. Rxg4 Bf2+ 47. Kf3 c3 48. Ng3+ Bxg3 49. Kxg3 1-0

[Event "Preinscritos IRT Online"]
[Site "Chess.com INT"]
[Date "2020.12.26"]
[Round "2"]
[White "Escobar Chalen, Lauro Adrian"]
[Black "Quezada Pauker, Kathleen Gabriela"]
[Result "1-0"]
[WhiteElo "2077"]
[BlackElo "1720"]
[PlyCount "95"]
[EventDate "2020.12.26"]
[EventType "swiss"]
[EventRounds "11"]
[EventCountry "ECU"]
[SourceTitle "CBM 200 Extra"]
[Source "ChessBase"]
[SourceDate "2021.03.31"]
[SourceVersion "1"]
[SourceVersionDate "2021.03.31"]
[SourceQuality "1"]

1. e4 c5 2. Nf3 Nc6 3. d4 cxd4 4. Nxd4 g6 5. Be3 Bg7 6. c4 Nf6 7. Nc3 0-0 8. Be2 d6 9. Qd2 Bd7 10. f3 Rc8 11. 0-0 a6 12. Rfd1 Qa5 13. Rac1 Nxd4 14. Bxd4 Bc6 15. Nd5 Qd8 16. Nxf6+ Bxf6 17. Bxf6 exf6 18. Qxd6 Qb6+ 19. Qd4 Qxd4+ 20. Rxd4 Kg7 21. b3 Rfe8 22. Kf2 Re5 23. Rcd1 Rce8 24. R1d2 f5 25. exf5 Rxf5 26. Bd3 Rf6 27. Re2 Rxe2+ 28. Bxe2 Re6 29. c5 Re5 30. b4 g5 31. a3 h5 32. h3 Rf5 33. Rd6 g4 34. hxg4 hxg4 35. Kg3 gxf3 36. Bxf3 Bxf3 37. gxf3 Re5 38. Rd7 Re3 39. a4 Ra3 40. a5 Rb3 41. Rxb7 Rb2 42. Rb6 Rb3 43. Rxa6 Rxb4 44. Rb6 Rc4 45. c6 Kf8 46. a6 Ke7 47. a7 Ra4 48. c7 1-0

[Event "Preinscritos IRT Online"]
[Site "Chess.com INT"]
[Date "2020.12.26"]
[Round "5"]
[White "Garcia Jaramillo, Yasser"]
[Black "Quezada Pauker, Kathleen Gabriela"]
[Result "1-0"]
[WhiteElo "1592"]
[BlackElo "1720"]
[PlyCount "119"]
[EventDate "2020.12.26"]
[EventType "swiss"]
[EventRounds "11"]
[EventCountry "ECU"]
[SourceTitle "CBM 200 Extra"]
[Source "ChessBase"]
[SourceDate "2021.03.31"]
[SourceVersion "1"]
[SourceVersionDate "2021.03.31"]
[SourceQuality "1"]

1. e4 c5 2. Nf3 Nc6 3. Bb5 g6 4. 0-0 Bg7 5. Re1 Nd4 6. Bc4 Nxf3+ 7. Qxf3 e6 8. c3 Ne7 9. e5 0-0 10. d4 cxd4 11. cxd4 d6 12. Nc3 Nf5 13. Be3 dxe5 14. dxe5 Bxe5 15. Bc5 Bd6 16. Rad1 Qc7 17. Bxd6 Nxd6 18. Bf1 Nf5 19. g4 Ng7 20. Nb5 Qc5 21. Rc1 Qg5 22. Qg3 Bd7 23. h4 Qf6 24. b3 Bc6 25. Nd6 Rad8 26. Bg2 Bxg2 27. Kxg2 Qd4 28. Ne4 f5 29. Ng5 Qf6 30. f3 fxg4 31. fxg4 Rde8 32. Kh1 Qe7 33. Rc7 Qf6 34. Qe5 Qxe5 35. Rxe5 h5 36. Rxb7 hxg4 37. Rxa7 Nf5 38. Rb5 Re7 39. Rxe7 Nxe7 40. Nxe6 Ra8 41. a4 Kf7 42. Nf4 Nf5 43. h5 Ng3+ 44. Kg2 Nxh5 45. Nxh5 gxh5 46. Rxh5 Rb8 47. Rb5 Rd8 48. Kg3 Rd4 49. a5 Ke6 50. a6 Rd1 51. b4 Ra1 52. Ra5 Rb1 53. a7 Rb3+ 54. Kg2 Rb2+ 55. Kg3 Rb3+ 56. Kxg4 Rxb4+ 57. Kf3 Rb3+ 58. Ke4 Rb4+ 59. Kd3 Rb3+ 60. Kc4 1-0

[Event "Preinscritos IRT Online"]
[Site "Chess.com INT"]
[Date "2020.12.26"]
[Round "3"]
[White "Pereira Pinos, Mathias Bernardo"]
[Black "Quezada Pauker, Kathleen Gabriela"]
[Result "0-1"]
[WhiteElo "1366"]
[BlackElo "1720"]
[PlyCount "72"]
[EventDate "2020.12.26"]
[EventType "swiss"]
[EventRounds "11"]
[EventCountry "ECU"]
[SourceTitle "CBM 200 Extra"]
[Source "ChessBase"]
[SourceDate "2021.03.31"]
[SourceVersion "1"]
[SourceVersionDate "2021.03.31"]
[SourceQuality "1"]

1. e4 c5 2. Nc3 Nc6 3. g3 g6 4. Bg2 Bg7 5. f4 e6 6. Nf3 Nge7 7. d3 0-0 8. 0-0 Nd4 9. Ne2 a6 10. Nexd4 cxd4 11. e5 d6 12. Re1 Nc6 13. Kh1 Qc7 14. Qe2 dxe5 15. fxe5 Rd8 16. Bf4 Ne7 17. Qd2 Rb8 18. Bh6 b5 19. Qg5 Nf5 20. Bxg7 Kxg7 21. g4 Ne3 22. Qf6+ Kg8 23. Rxe3 dxe3 24. Ng5 Bb7 25. Rf1 Bxg2+ 26. Kxg2 Rb7 27. Qf3 Qxc2+ 28. Kg1 e2 29. Re1 Rbd7 30. Qh3 f6 31. exf6 Qxd3 32. Qh6 Qe3+ 33. Kh1 Rf8 34. f7+ Rfxf7 35. Rxe2 Qxe2 36. Nxf7 Qf1# 0-1

[Event "Preinscritos IRT Online"]
[Site "Chess.com INT"]
[Date "2020.12.26"]
[Round "4"]
[White "Quezada Pauker, Kathleen Gabriela"]
[Black "Angamarca Angamarca, Edison Fernando"]
[Result "0-1"]
[WhiteElo "1720"]
[BlackElo "2011"]
[PlyCount "76"]
[EventDate "2020.12.26"]
[EventType "swiss"]
[EventRounds "11"]
[EventCountry "ECU"]
[SourceTitle "CBM 200 Extra"]
[Source "ChessBase"]
[SourceDate "2021.03.31"]
[SourceVersion "1"]
[SourceVersionDate "2021.03.31"]
[SourceQuality "1"]

1. d4 e6 2. Nf3 Nf6 3. Bg5 Be7 4. e3 d5 5. Be2 c5 6. 0-0 Nc6 7. c3 Bd7 8. Nbd2 0-0 9. Ne5 Nxe5 10. dxe5 Ne8 11. Bxe7 Qxe7 12. e4 Nc7 13. exd5 exd5 14. f4 Bc6 15. Nf3 Rad8 16. Bd3 h6 17. Rc1 d4 18. cxd4 cxd4 19. Nxd4 Rxd4 20. Bh7+ Kxh7 21. Qxd4 Rd8 22. Qc3 Nb5 23. Qc2+ Kg8 24. Rfd1 Nd4 25. Qf2 Qb4 26. b3 Ne6 27. Rxd8+ Nxd8 28. Rd1 Ne6 29. f5 Nf4 30. f6 Qe4 31. fxg7 Nh3+ 32. Kf1 Nxf2 33. Kxf2 Qxg2+ 34. Ke3 Qf3+ 35. Kd2 Kxg7 36. Kc1 Qe3+ 37. Kc2 Be4+ 38. Kb2 Qe2+ 0-1

[Event "Preinscritos IRT Online"]
[Site "Chess.com INT"]
[Date "2020.12.26"]
[Round "1"]
[White "Quezada Pauker, Kathleen Gabriela"]
[Black "Ramos Reategui, Mario Richardson"]
[Result "1-0"]
[WhiteElo "1720"]
[BlackElo "813"]
[PlyCount "67"]
[EventDate "2020.12.26"]
[EventType "swiss"]
[EventRounds "11"]
[EventCountry "ECU"]
[SourceTitle "CBM 200 Extra"]
[Source "ChessBase"]
[SourceDate "2021.03.31"]
[SourceVersion "1"]
[SourceVersionDate "2021.03.31"]
[SourceQuality "1"]

1. d4 b6 2. Nf3 c5 3. Bf4 cxd4 4. Nxd4 Nf6 5. e3 d6 6. Nf3 e5 7. Bg5 Be7 8. Be2 0-0 9. 0-0 Nc6 10. Nc3 d5 11. Bxf6 Bxf6 12. Nxd5 Qd6 13. Nxf6+ Qxf6 14. Bb5 e4 15. Nd4 Nxd4 16. exd4 Qg6 17. Qe2 Bg4 18. Qe3 f5 19. Rfe1 f4 20. Qxe4 Bf5 21. Qxf4 Bh3 22. Qg3 Bg4 23. Bd3 Qg5 24. h3 Qf6 25. hxg4 g5 26. Re5 h5 27. gxh5 g4 28. Qxg4+ Kh8 29. Rf5 Qe7 30. Rxf8+ Rxf8 31. Qe4 Qf7 32. f3 Re8 33. Qg6 Qf8 34. Qh7# 1-0